000 01198cam a2200385 i 4500
001 000659
003 DO-SdBNP
005 20240403130647.0
007 000659
008 161108b1995 sp a || 00| 0 spa d
015 _a
017 _a
_b
020 _a8420447706
035 _a
040 _aBPMSU
_bspa
_cBPMSU
_e
080 _a
082 4 _a833.91
_b H332b 1995
_222
100 1 _aHärtling, Peter,
_d1933-
245 1 0 _aBen quiere a Anna /
_cPeter Härtling ; traducción Víctor Canicio ; ilustraciones de Sophies Brandes.
_h
250 _a
260 _aMadrid :
_bAlfaguara,
_c1995.
300 _a97 p. :
_bil. ;
_c22 m
490 0 _aAlfaguara infantil
500 _aPara niños a partir de los 10 años.
500 _aIncluye datos biográficos del autor en la solapa de la contracubierta
521 _aA partir de los 10 años.
534 _pTítulo original :
_tBen liebt Anna
590 _aInventariado, 2024/VM
650 4 _aCuentos infantiles alemanes
650 4 _aAmor
_vCuentos infantiles.
700 1 _aCanicio, Víctor,
_etr.
700 1 _aBrandes, Sophie,
_eil.
910 _aLOPEREZ/ VMateo V. Control de calidad. BPMSU
942 _2ddc
_cBK
999 _c11848
_d11848